[Event "Wch Seniors 65 28th"]
[Site "Bled"]
[Date "2018.11.25"]
[Round "7"]
[White "Svensson, Soren"]
[Black "Pastor Alonso de Prado, Emilio Alberto"]
[Result "1-0"]
[WhiteElo "1987"]
[BlackElo "2102"]
[PlyCount "37"]
[EventDate "2018.11.18"]
[EventType "swiss"]
[EventRounds "11"]
[EventCountry "SLO"]
[SourceTitle "CBM 187 Extra"]
[Source "ChessBase"]
[SourceDate "2018.11.04"]
[SourceVersion "1"]
[SourceVersionDate "2018.11.04"]
[SourceQuality "1"]

1. d4 d5 2. c4 e6 3. Nf3 Nf6 4. Nc3 Be7 5. Bf4 c5 6. dxc5 Bxc5 7. e3 Nc6 8. a3 0-0 9. Qc2 Qa5 10. 0-0-0 Rd8 11. Nd2 dxc4 12. Bxc4 Be7 13. g4 e5 14. g5 Nh5 15. Bxf7+ Kh8 16. Bg3 g6 17. Bxg6 hxg6 18. Qxg6 Ng7 19. Qh6+ 1-0

[Event "WchT Seniors 65"]
[Site "Radebeul"]
[Date "2016.06.30"]
[Round "5.3"]
[White "Svensson, Soren"]
[Black "Bec, Dietmar"]
[Result "1-0"]
[WhiteElo "1952"]
[BlackElo "2056"]
[PlyCount "47"]
[EventDate "2016.06.26"]
[EventType "team-swiss"]
[EventRounds "9"]
[EventCountry "GER"]
[SourceTitle "CBM 173 Extra"]
[Source "ChessBase"]
[SourceDate "2016.08.29"]
[SourceVersion "1"]
[SourceVersionDate "2016.08.29"]
[SourceQuality "1"]
[WhiteTeam "Sweden II"]
[BlackTeam "Dresden Springer"]
[WhiteTeamCountry "SWE"]
[BlackTeamCountry "GER"]

1. d4 d5 2. c4 c6 3. Nc3 Nf6 4. Nf3 e6 5. e3 Be7 6. Bd3 dxc4 7. Bxc4 b5 8. Bd3 Nbd7 9. 0-0 Bb7 10. Qe2 a6 11. e4 b4 12. Na4 Qa5 13. b3 c5 14. d5 exd5 15. exd5 Nxd5 16. Bc4 Kf8 17. Bg5 Bxg5 18. Nxg5 N7f6 19. Qe5 Rd8 20. Rfe1 h6 21. Ne4 Nxe4 22. Qxe4 Qc7 23. Rad1 Qd7 24. Nxc5 1-0

[Event "EU-chT Seniors"]
[Site "Sibenik"]
[Date "2014.04.09"]
[Round "9.17"]
[White "Svensson, Soren"]
[Black "Mossiaguine, Arina"]
[Result "1-0"]
[WhiteElo "1998"]
[BlackElo "1359"]
[PlyCount "59"]
[EventDate "2014.04.01"]
[EventType "team-swiss"]
[EventRounds "9"]
[EventCountry "CRO"]
[SourceTitle "CBM 159 Extra"]
[Source "ChessBase"]
[SourceDate "2014.04.24"]
[SourceVersion "1"]
[SourceVersionDate "2014.04.24"]
[SourceQuality "1"]
[WhiteTeam "Sweden Seniors IV"]
[BlackTeam "Sweden Seniors V"]
[WhiteTeamCountry "SWE"]
[BlackTeamCountry "SWE"]

1. d4 e6 2. c4 f5 3. g3 Nf6 4. Bg2 Bb4+ 5. Bd2 Qe7 6. a3 Bxd2+ 7. Qxd2 0-0 8. Nc3 d6 9. e3 Nbd7 10. Nge2 Kh8 11. 0-0 Nb6 12. b3 d5 13. c5 Nbd7 14. b4 Ne4 15. Qc2 Nxc3 16. Nxc3 Nf6 17. b5 Bd7 18. a4 c6 19. Rfb1 b6 20. bxc6 Bxc6 21. cxb6 a5 22. Nb5 Bxb5 23. Rxb5 Rfb8 24. Rc1 Ne8 25. Qc5 Qxc5 26. dxc5 Ra6 27. Bf1 Nf6 28. c6 Rbxb6 29. Rxb6 Rxb6 30. c7 1-0

[Event "EU-chT Seniors"]
[Site "Sibenik"]
[Date "2014.04.03"]
[Round "3.14"]
[White "Svensson, Soren"]
[Black "Lerstad, Bjorn"]
[Result "0-1"]
[WhiteElo "1998"]
[BlackElo "1914"]
[PlyCount "94"]
[EventDate "2014.04.01"]
[EventType "team-swiss"]
[EventRounds "9"]
[EventCountry "CRO"]
[SourceTitle "CBM 159 Extra"]
[Source "ChessBase"]
[SourceDate "2014.04.24"]
[SourceVersion "1"]
[SourceVersionDate "2014.04.24"]
[SourceQuality "1"]
[WhiteTeam "Sweden Seniors IV"]
[BlackTeam "Norway Seniors"]
[WhiteTeamCountry "SWE"]
[BlackTeamCountry "NOR"]

1. d4 e6 2. c4 b6 3. e4 Bb7 4. d5 d6 5. Nc3 Nd7 6. Nf3 Be7 7. Bd3 e5 8. 0-0 Ngf6 9. Nd2 0-0 10. a3 a5 11. Rb1 Nc5 12. Bc2 Bc8 13. b4 Nb7 14. h3 h6 15. f4 exf4 16. Nf3 axb4 17. axb4 Bd7 18. Nd4 Qc8 19. Bxf4 Re8 20. Qd3 Bd8 21. Rbe1 Re5 22. Nc6 Rh5 23. e5 Bf5 24. Qe2 dxe5 25. Bxe5 Rg5 26. Bf4 Bxc2 27. Bxg5 hxg5 28. Qxc2 Qd7 29. Qe2 Nd6 30. c5 bxc5 31. bxc5 Nf5 32. Qe5 Nh6 33. Ne7+ Kf8 34. d6 cxd6 35. cxd6 Ra5 36. Qd4 Ra6 37. Qc4 Rxd6 38. Qb5 Bxe7 39. Qb8+ Qd8 40. Qb7 Rd7 41. Qb5 g4 42. hxg4 Nhxg4 43. Rd1 Qc7 44. Rf2 Bc5 45. Rxd7 Bxf2+ 46. Kf1 Qxd7 47. Qe2 Qf5 0-1

[Event "Malmo op"]
[Site "Malmo"]
[Date "2013.12.14"]
[Round "3"]
[White "Svensson, Soren"]
[Black "Johansson, Linus"]
[Result "0-1"]
[WhiteElo "1998"]
[BlackElo "2314"]
[PlyCount "60"]
[EventDate "2013.12.13"]
[EventType "swiss"]
[EventRounds "7"]
[EventCountry "SWE"]
[SourceTitle "CBM 157 Extra"]
[Source "ChessBase"]
[SourceDate "2013.12.19"]
[SourceVersion "1"]
[SourceVersionDate "2013.12.19"]
[SourceQuality "1"]

1. d4 Nf6 2. c4 e6 3. Nf3 c5 4. d5 exd5 5. cxd5 d6 6. Nc3 g6 7. e4 Bg7 8. Bd3 a6 9. a4 Bg4 10. h3 Bxf3 11. Qxf3 Nbd7 12. Qd1 0-0 13. 0-0 Re8 14. a5 c4 15. Bc2 Nc5 16. Re1 Nfd7 17. f4 b5 18. axb6 Qxb6 19. Kh2 Nb3 20. Be3 Qb7 21. Ra2 Ndc5 22. Bf2 a5 23. Qf3 Qb4 24. e5 dxe5 25. f5 Nd4 26. Bxd4 exd4 27. Rxe8+ Rxe8 28. fxg6 hxg6 29. Ne4 Nxe4 30. Bxe4 Qe1 0-1

[Event "Koge Xtracon op"]
[Site "Koge"]
[Date "2013.10.18"]
[Round "5"]
[White "Nielsen, Jens Holm"]
[Black "Svensson, Soren"]
[Result "1-0"]
[WhiteElo "1844"]
[BlackElo "2015"]
[PlyCount "57"]
[EventDate "2013.10.14"]
[EventType "swiss"]
[EventRounds "9"]
[EventCountry "DEN"]
[SourceTitle "EXT 2014"]
[Source "ChessBase"]
[SourceDate "2013.11.20"]
[SourceVersion "1"]
[SourceVersionDate "2013.11.20"]
[SourceQuality "1"]

1. Nc3 e5 2. Nf3 Nc6 3. d4 exd4 4. Nxd4 Nxd4 5. Qxd4 c6 6. e4 d6 7. Be2 Be6 8. 0-0 Qb6 9. Be3 Qxd4 10. Bxd4 f6 11. f4 Ne7 12. a4 a6 13. Rfd1 c5 14. Bf2 Nc6 15. Nd5 Bxd5 16. exd5 Ne7 17. Ra3 Kf7 18. Rb3 Ra7 19. Bf3 Nc8 20. Bg4 Be7 21. Be6+ Kg6 22. Rg3+ Kh6 23. Rh3+ Kg6 24. f5+ Kg5 25. Be3+ Kg4 26. Rg3+ Kh5 27. Rxg7 Bf8 28. g4+ Kh4 29. Bf2+ 1-0

[Event "Koge Xtracon op"]
[Site "Koge"]
[Date "2013.10.17"]
[Round "4"]
[White "Svensson, Soren"]
[Black "Nielsen, Kai Gylling"]
[Result "1-0"]
[WhiteElo "2015"]
[BlackElo "1809"]
[PlyCount "105"]
[EventDate "2013.10.14"]
[EventType "swiss"]
[EventRounds "9"]
[EventCountry "DEN"]
[SourceTitle "EXT 2014"]
[Source "ChessBase"]
[SourceDate "2013.11.20"]
[SourceVersion "1"]
[SourceVersionDate "2013.11.20"]
[SourceQuality "1"]

1. d4 d5 2. c4 c6 3. Nc3 Nf6 4. Nf3 Bf5 5. e3 h6 6. cxd5 cxd5 7. Qa4+ Bd7 8. Qb3 Bc6 9. Ne5 Nbd7 10. Nxc6 bxc6 11. Qa4 Qb6 12. a3 e6 13. b4 Bd6 14. Qc2 0-0 15. Bb2 Qc7 16. Rc1 a6 17. g3 Rfc8 18. Bd3 e5 19. Bf5 exd4 20. exd4 Re8+ 21. Kf1 Nb6 22. Bd3 Qb7 23. Kg2 Re7 24. Na4 Nxa4 25. Qxa4 Rc7 26. Rhe1 a5 27. b5 cxb5 28. Qxb5 Qxb5 29. Bxb5 Rxc1 30. Rxc1 Rb8 31. a4 Ne4 32. Rc6 Bb4 33. f3 Ng5 34. Bc1 Ne6 35. Be3 g5 36. h4 Kg7 37. Kh3 Be7 38. hxg5 hxg5 39. Kg4 Rd8 40. f4 gxf4 41. gxf4 Bf6 42. Ra6 Bxd4 43. Bxd4+ Nxd4 44. Rxa5 Nb3 45. Ra7 Kf6 46. a5 Rg8+ 47. Kh3 Rd8 48. Kg2 Nd4 49. Bd3 Nc6 50. Ra6 Rd6 51. Bb5 Kf5 52. Rxc6 Rd8 53. Kf3 1-0

[Event "EU-chT Seniors"]
[Site "Rogaska Slatina"]
[Date "2012.04.02"]
[Round "7.15"]
[White "Svensson, Soren"]
[Black "Kayaman, Metin"]
[Result "0-1"]
[WhiteElo "2062"]
[BlackElo "1938"]
[PlyCount "102"]
[EventDate "2012.03.27"]
[EventType "team-swiss"]
[EventRounds "9"]
[EventCountry "SLO"]
[SourceTitle "CBM 147 Extra"]
[Source "ChessBase"]
[SourceDate "2012.04.24"]
[SourceVersion "1"]
[SourceVersionDate "2012.04.24"]
[SourceQuality "1"]
[WhiteTeam "Sweden (Seniors) II"]
[BlackTeam "Turkey (Seniors)"]
[WhiteTeamCountry "SWE"]
[BlackTeamCountry "TUR"]

1. d4 Nf6 2. c4 e6 3. Nf3 d5 4. Nc3 Be7 5. e3 Nbd7 6. Bd3 0-0 7. 0-0 b6 8. b3 Bb7 9. Bb2 Ne4 10. Qe2 f5 11. Rac1 c5 12. Rfd1 Ndf6 13. Bb1 Nxc3 14. Bxc3 Ne4 15. Bb2 Qe8 16. Ne5 dxc4 17. bxc4 Rd8 18. Bc2 Bd6 19. f3 Bxe5 20. dxe5 Ng5 21. Rxd8 Qxd8 22. Rd1 Qc8 23. Qd3 Nf7 24. Kf2 Rd8 25. Qe2 Rxd1 26. Qxd1 Qc7 27. Ba4 Ba6 28. Bb3 h6 29. f4 g5 30. h3 Kg7 31. Bc1 Qc6 32. Qf3 Qd7 33. Qe2 Kg6 34. Bc2 gxf4 35. exf4 Qd4+ 36. Be3 Qxc4 37. Qd1 Qxa2 38. Kg1 Bb7 39. g4 Kg7 40. gxf5 exf5 41. Bf2 Qe6 42. Kh2 Qg6 43. Bg3 Qe6 44. Bh4 Kf8 45. Bf6 Qa2 46. Kg3 Bc6 47. Kh4 Qc4 48. Bxf5 Qxf4+ 49. Bg4 h5 50. Qd3 hxg4 51. Qg6 g3+ 0-1

[Event "EU-chT Seniors"]
[Site "Rogaska Slatina"]
[Date "2012.04.01"]
[Round "6.12"]
[White "Pitzl, Konstantinos"]
[Black "Svensson, Soren"]
[Result "1-0"]
[WhiteElo "2093"]
[BlackElo "2062"]
[PlyCount "75"]
[EventDate "2012.03.27"]
[EventType "team-swiss"]
[EventRounds "9"]
[EventCountry "SLO"]
[SourceTitle "CBM 147 Extra"]
[Source "ChessBase"]
[SourceDate "2012.04.24"]
[SourceVersion "1"]
[SourceVersionDate "2012.04.24"]
[SourceQuality "1"]
[WhiteTeam "Steiermark (Seniors)"]
[BlackTeam "Sweden (Seniors) II"]
[WhiteTeamCountry "AUT"]
[BlackTeamCountry "SWE"]

1. Nf3 d5 2. g3 Nf6 3. Bg2 c5 4. 0-0 Nc6 5. d3 e5 6. c4 d4 7. e4 Bd6 8. h3 a6 9. a3 b5 10. Nbd2 h6 11. Nh4 Rb8 12. Nf5 0-0 13. Nxd6 Qxd6 14. f4 Rb6 15. f5 Bd7 16. g4 Na5 17. b3 Rfb8 18. h4 bxc4 19. Nxc4 Nxc4 20. bxc4 Rb3 21. g5 hxg5 22. hxg5 Ne8 23. Qf3 f6 24. g6 Kf8 25. Qh3 Ke7 26. Bd2 Rb2 27. Ba5 Ba4 28. Qh8 R2b3 29. Qg8 Kd7 30. Qf7+ Qe7 31. Rf3 Rb1+ 32. Rxb1 Rxb1+ 33. Bf1 Bc6 34. Rh3 Nd6 35. Qg8 Ne8 36. Rh8 Kd6 37. Qf7 Ra1 38. Rxe8 1-0

[Event "EU-chT Seniors"]
[Site "Thessaloniki"]
[Date "2011.05.08"]
[Round "6"]
[White "Svensson, Soren"]
[Black "Borwell, Alan Peter"]
[Result "0-1"]
[WhiteElo "2109"]
[BlackElo "2056"]
[PlyCount "108"]
[EventDate "2011.05.03"]
[EventType "team-swiss"]
[EventRounds "9"]
[EventCountry "GRE"]
[SourceTitle "CBM 142 Extra"]
[Source "ChessBase"]
[SourceDate "2011.06.27"]
[SourceVersion "1"]
[SourceVersionDate "2011.06.27"]
[SourceQuality "1"]
[WhiteTeam "Sweden"]
[BlackTeam "Scotland"]
[WhiteTeamCountry "SWE"]
[BlackTeamCountry "SCO"]

1. d4 Nf6 2. c4 e6 3. Nf3 b6 4. a3 Bb7 5. Nc3 Ne4 6. Nxe4 Bxe4 7. Nd2 Bb7 8. e4 Be7 9. Bd3 d6 10. Qg4 0-0 11. Nf3 e5 12. Bh6 Bf6 13. 0-0-0 Qe7 14. Be3 a5 15. h4 Bc8 16. Qg3 h5 17. Rd2 a4 18. Bg5 Nc6 19. dxe5 dxe5 20. Bxf6 Qxf6 21. Qg5 Qxg5 22. hxg5 g6 23. Be2 Be6 24. Kc2 Rfd8 25. Rhd1 Rxd2+ 26. Rxd2 Ra5 27. Kc3 Rc5 28. b4 axb3 29. Kxb3 Bxc4+ 30. Bxc4 Na5+ 31. Kc3 Rxc4+ 32. Kd3 Rc5 33. Ke2 Kf8 34. Rd5 Rxd5 35. exd5 e4 36. Ne5 Nb7 37. Nd7+ Ke7 38. Nf6 Kd6 39. Ke3 Ke5 40. Ne8 Kxd5 41. Nxc7+ Ke5 42. Na8 b5 43. Nc7 Nd6 44. Kd2 Kd4 45. Na6 Nc4+ 46. Kc1 Nxa3 47. Nb8 Nc4 48. Nc6+ Kc3 49. Na7 Nd6 50. Nc6 b4 51. Ne7 b3 52. Nd5+ Kd4 53. Ne3 Kd3 54. Nd5 Ke2 0-1

[Event "EU-chT Seniors"]
[Site "Thessaloniki"]
[Date "2011.05.07"]
[Round "5"]
[White "Fleuch, Hans Juergen"]
[Black "Svensson, Soren"]
[Result "1/2-1/2"]
[WhiteElo "2078"]
[BlackElo "2109"]
[PlyCount "33"]
[EventDate "2011.05.03"]
[EventType "team-swiss"]
[EventRounds "9"]
[EventCountry "GRE"]
[SourceTitle "CBM 142 Extra"]
[Source "ChessBase"]
[SourceDate "2011.06.27"]
[SourceVersion "1"]
[SourceVersionDate "2011.06.27"]
[SourceQuality "1"]
[WhiteTeam "Stiftung BSW/DBAG"]
[BlackTeam "Sweden"]
[WhiteTeamCountry "GER"]
[BlackTeamCountry "SWE"]

1. d4 Nf6 2. Nf3 e6 3. e3 d5 4. Bd3 c5 5. c3 Nc6 6. 0-0 Bd6 7. Nbd2 0-0 8. Re1 Re8 9. e4 dxe4 10. Nxe4 Nxe4 11. Bxe4 cxd4 12. Nxd4 Nxd4 13. Qxd4 Qc7 14. g3 Bc5 15. Qd3 g6 16. Qb5 Rd8 17. Bg5 1/2-1/2

[Event "EU-chT Seniors"]
[Site "Thessaloniki"]
[Date "2011.05.03"]
[Round "1"]
[White "Klundt, Klaus"]
[Black "Svensson, Soren"]
[Result "1/2-1/2"]
[WhiteElo "2379"]
[BlackElo "2109"]
[PlyCount "92"]
[EventDate "2011.05.03"]
[EventType "team-swiss"]
[EventRounds "9"]
[EventCountry "GRE"]
[SourceTitle "CBM 142 Extra"]
[Source "ChessBase"]
[SourceDate "2011.06.27"]
[SourceVersion "1"]
[SourceVersionDate "2011.06.27"]
[SourceQuality "1"]
[WhiteTeam "Germany"]
[BlackTeam "Sweden"]
[WhiteTeamCountry "GER"]
[BlackTeamCountry "SWE"]

1. e4 e5 2. Nf3 Nc6 3. Bb5 a6 4. Ba4 Nf6 5. 0-0 Nxe4 6. d4 b5 7. Bb3 d5 8. dxe5 Be6 9. Qe2 Bc5 10. Be3 Bxe3 11. Qxe3 Qe7 12. Nc3 Nxc3 13. Qxc3 Qd7 14. Qc5 Ne7 15. Nd4 0-0 16. f4 Rfd8 17. a4 c6 18. Ra3 Rdb8 19. axb5 cxb5 20. c3 g6 21. Rfa1 Qb7 22. Qd6 Rd8 23. Rxa6 Rxd6 24. Rxa8+ Rd8 25. Rxd8+ Kg7 26. Rda8 Nc6 27. R8a6 Nxd4 28. cxd4 h5 29. Rd6 b4 30. Kf2 Qb5 31. Rd1 Kh6 32. h3 h4 33. f5 gxf5 34. Bxd5 Kg5 35. Bf3 Bb3 36. Be2 Qb7 37. Rd3 Bc2 38. Rd2 b3 39. Bf3 Qb4 40. Ke3 Qa5 41. Bd5 Qa1 42. Kf2 Qxb2 43. Bxf7 Kf4 44. Rh6 Qc3 45. Rxh4+ Kg5 46. Rh5+ Kf4 1/2-1/2

[Event "SWE-ch Veterans"]
[Site "Lund"]
[Date "2010.07.05"]
[Round "3"]
[White "Svensson, Soren"]
[Black "Marklund, Gunnar"]
[Result "1-0"]
[WhiteElo "2121"]
[BlackElo "2080"]
[PlyCount "147"]
[EventDate "2010.07.03"]
[EventType "swiss"]
[EventRounds "9"]
[EventCountry "SWE"]
[SourceTitle "CBM 137 Extra"]
[Source "ChessBase"]
[SourceDate "2010.09.01"]
[SourceVersion "1"]
[SourceVersionDate "2010.09.01"]
[SourceQuality "1"]

1. d4 c6 2. c4 d5 3. Nc3 Nf6 4. Nf3 g6 5. e3 Bg7 6. Bd3 0-0 7. h3 dxc4 8. Bxc4 b5 9. Bd3 a5 10. 0-0 Na6 11. e4 Bb7 12. Qe2 Nc7 13. Rd1 Nd7 14. Bf4 Ne6 15. Be3 Qb8 16. Rac1 b4 17. Na4 Nf4 18. Bxf4 Qxf4 19. e5 c5 20. Nxc5 Nxc5 21. dxc5 Bxf3 22. Qxf3 Qxf3 23. gxf3 Bxe5 24. Be4 Ra7 25. Rc2 Rc8 26. Rd5 Bf4 27. c6 e6 28. Rd7 Rcc7 29. Rxc7 Rxc7 30. Bd3 Ra7 31. b3 Kf8 32. Rc4 Bd6 33. Rd4 Be5 34. Re4 Bb8 35. Bb5 e5 36. Re2 Re7 37. Rd2 Bc7 38. Kf1 e4 39. fxe4 Rxe4 40. Rd7 Re7 41. Rd3 g5 42. Bc4 Kg7 43. Kg2 f5 44. Rd5 Kg6 45. Bd3 Rf7 46. Rd7 Rxd7 47. cxd7 Kf6 48. f3 h5 49. Kf1 h4 50. Kg2 Ke5 51. Kf2 Bb6+ 52. Kg2 f4 53. Bb5 Kd4 54. Kf1 Kc3 55. Ke2 Kb2 56. Kd3 Bd8 57. Bc6 Kxa2 58. Kc2 Ka3 59. Bb5 g4 60. fxg4 f3 61. Ba4 Ka2 62. Kd2 Bg5+ 63. Ke1 Kb2 64. Kf2 Kc3 65. Kxf3 Kd4 66. d8Q+ Bxd8 67. Kf4 Bc7+ 68. Kf5 Be5 69. g5 Bh8 70. Bc6 Bg7 71. Kg4 Ke5 72. Kxh4 Kf5 73. Kh5 Ke6 74. Kg6 1-0